Normal view MARC view
  • Polani,Faizan Zakaria

Entry Personal Name

Number of records used in: 2

001 - CONTROL NUMBER

  • control field: 133241

003 - CONTROL NUMBER IDENTIFIER

  • control field: NUST

005 - DATE AND TIME OF LATEST TRANSACTION

  • control field: 20260216120010.0

008 - FIXED-LENGTH DATA ELEMENTS

  • fixed length control field: 260216|| aca||aabn | a|a d

040 ## - CATALOGING SOURCE

  • Original cataloging agency: NUST
  • Transcribing agency: NUST

100 ## - HEADING--PERSONAL NAME

  • Personal name: Polani,Faizan Zakaria

670 ## - SOURCE DATA FOUND

  • Source citation: Work cat.: (NUST)351205: Polani,Faizan Zakaria., Institutional Change through Transformational leadership at management and professional development., 2012
© 2023 Central Library, National University of Sciences and Technology. All Rights Reserved.